Devinez les footballeurs selon leurs carrières #3 - Statistiques

Statistiques générales
  • Ce quiz a été pris 315 fois
    246 depuis la dernière actualisation
  • Le résultat moyen est 10 sur 15
Statistiques - réponses
Carrière Joueur % Correct
Zlatan Ibrahimović
90%
Edinson Cavani
88%
Thierry Henry
86%
Robert Lewandowski
85%
Luis Suárez
81%
Didier Drogba
79%
Wayne Rooney
79%
Robin Van Persie
72%
Carlos Tévez
66%
Fernando Torres
60%
Sergio Agüero
59%
Samuel Eto'o
55%
David Villa
47%
Raúl
46%
Alessandro Del Piero
29%
Aucun quiz correspondant
Distribution des résultats
% des personnes avec chaque résultat
Percentile par nombre de réponses
Votre historique - résultats
Vous n’avez pas pris ce quiz depuis la dernière actualisation